00955cam a2200253 a 4500001000500000005001700005020001500022040002300037050002400060082000800084100002300092245008400115250004500199260003400244300005700278505000800335520022000343521002000563521002000583650001900603650002300622650002200645700003400667250520250502090033.0 a0590672983 aDLCcDLCdDLCbeng00aPZ8.3.P558676b199300a5131 aPinczes, Elinor J.10aOne hundred hungry ants /cby Elinor J. Pinczes ; illustrated by Bonnie MacKain aFirst Scholastic printing , January 1997 aNew York :bScholastic,c1993 a30 unnumbered pages :bcolor illustrations ; c21 cm aL  aOne hundred hungry ants head towards a picnic to get yummies for their tummies, but stops to change their line formation, showing different divisions of one hundred, cause them to lose both time and food in the end. a520 bLexile  aL bRaz-Plus  1aAntsxFiction. 1aDivisionxFiction. 1aStories in rhyme.1 aMacKain, Bonnieeillustrator